000 01161nam a22002657a 4500
005 20170124103155.0
010 _aA-300519
020 _c150.00
035 _aA-300519
037 _bCen Lib/Ret
040 _aDPL
_bHN
082 _a230.22
_bतिवारी
100 _aतिवारी , रामजी
_989373
245 _aभविष्यपुराण : एक अनुशीलन /
_c रामजी तिवारी
246 _aBhavishyapuran : ek anusheelan
_bby Ramji Tivari
260 _aगौरखपुर
_bवैशाली प्रकाशन
_c1986
270 _aबक्शीपुर
_bगौरखपुर
_e-1
300 _axxxii,341पृष्ठ.
_c20सेमी(सजिल्द)
500 _aसन्दर्भ ग्रन्थ सूची शामिल
650 _aहिन्दू धर्म
_989374
650 _aभविष्यपुराण में धार्मिक अवधारणा
_989375
650 _aHindu religion
_989376
650 _aBvishypuran religious concept
_989377
942 _2ddc
_cHN
_h230.22
_mतिवारी
999 _c120258
_d120258